| 000 | 00571nam a2200169 i 4500 | ||
|---|---|---|---|
| 001 | 28133 | ||
| 003 | ES-MaACL | ||
| 005 | 20230906153755.0 | ||
| 007 | t| | ||
| 008 | 030116s1949 sp ||||1| spa d | ||
| 100 | 1 |
_aBach, Theodore Franklin. _924462 |
|
| 245 | 1 | 0 |
_aArtritis y enfermedades afines / _cDirigidas por Theodore Franklin Bach ; traducción directa del inglés por J. Casas Carnicero. |
| 260 |
_aMadrid : _bRadar, _c1949 ( _fNebrija) |
||
| 300 |
_a515 p. : _bil. ; _c24 cm. |
||
| 700 | 1 |
_aCasas Carnicero, Jesús. _936216 |
|
| 852 |
_aES-MaACL _jE-1627 _bR.28657 |
||
| 999 |
_c28133 _d28133 |
||